Influence of plastic deformation on Zn-based hot-dip coating behaviour

Salvato in:
Dettagli Bibliografici
Autore principale: Gondek, Ján (Autore)
Altri autori: Kusý, Martin (Relatore della tesi)
Natura: Manoscritto Libro
Lingua:slovacco
inglese
Pubblicazione: 2018
Soggetti:
Accesso online:http://is.stuba.sk/zp/portal_zp.pl?podrobnosti=132526
Tags: Aggiungi Tag
Nessun Tag, puoi essere il primo ad aggiungerne!!

MARC

LEADER 00000ntm a22000003a 4500
001 stuzp56976
003 SK-STU
005 20190116111728.6
007 ta
008 150427s2015----xo-----f-mn---000-0-slo-d
035 |a 74466 
035 |a biblio/74466  |2 CREPC2 
040 |a STU  |b slo 
041 0 |a eng 
044 |a xo 
100 1 |a Gondek, Ján  |u 061000  |4 aut  |9 100  |U MTF Materiálovotechnologická fakulta  |T MTF Ústav materiálov  |X 65015  |U M1000  |Y 81  |7 A000065015 
242 0 1 |a Vplyv plastickej deformácie na správanie žiarových povlakov na báze zinku.  |y slo 
245 1 0 |a Influence of plastic deformation on Zn-based hot-dip coating behaviour 
260 |c 2018 
300 |a 102 s. +  |e autoreferát, 1 CD-ROM 
650 4 |a Zinkové zliatiny  |2 slo 
650 4 |a Plastická deformácia  |2 slo 
650 4 |a Odolnosť proti praskaniu  |2 slo 
650 4 |a Napäťové analýzy  |2 slo 
650 4 |a Zinc alloys  |2 eng 
650 4 |a Plastic deformation  |2 eng 
650 4 |a Cracking resistance  |2 eng 
650 4 |a Stress analysis  |2 eng 
700 1 |a Kusý, Martin  |u 061000.  |k Z1  |4 ths  |U 061000.  |U 061000.  |X 2764  |U 061000.  |Y 061000.  |7 A000002764 
856 4 |u http://is.stuba.sk/zp/portal_zp.pl?podrobnosti=132526 
996 |c M* DzP-634  |l MMSKP  |s P  |a 0  |w stuzp56976_0001